000
00249nam a2200109Ia 4500
001
1287199
005
20260417164412.0
008
260417s9999 xx 000 0 und d
020
_a
9786054737802
245
0
_a
Gece Uçuşu
260
_b
Dokuz Çocuk
999
_c
1287199
_d
1287199